000 00527cam a2200205ua 4500
001 8446
008 150130n ii |||gr||||Z||||||eng
020 _a8189293494
040 _cMAIN
041 _aeng
082 _a808.103
100 _aGangopadhyay, A.,
_eAuthor.
245 1 _aGlossary pf grammatical terms
_cBy Avik Gangopadhyay
250 _a1st.
260 _aKolkatta:
_bBooks,
_c2009.
300 _a82p.,.
653 _aRhetoric & collections of literature
653 _aGlossary of grammatical terms
942 _cBK
999 _c7554
_d7554